000 00408nam a2200109 4500
999 _c11746
_d11746
005 20230718165626.0
008 230718b ||||| |||| 00| 0 eng d
245 _aImplications of the recommenders of national commission on urbanization on planning practice and education
260 _aNew Delhi
_bDepartment of urban and regional planning school of planning and architecture
300 _a210p;
942 _2ddc